[Event "Lazy Baltic Pearl op-A 21st"]
[Site "Lazy"]
[Date "2025.07.06"]
[Round "7"]
[White "Obrycki, Aleksander"]
[Black "Grech, Kacper"]
[Result "1/2-1/2"]
[WhiteElo "1769"]
[BlackElo "2013"]
[PlyCount "93"]
[EventDate "2025.06.30"]
[EventType "swiss"]
[EventRounds "9"]
[EventCountry "POL"]
[SourceTitle "CB28_2025"]
[SourceDate "2025.07.09"]
[SourceVersion "1"]
[SourceVersionDate "2025.07.09"]
[SourceQuality "1"]

1. e4 c5 2. Nf3 g6 3. d4 cxd4 4. Nxd4 Bg7 5. c4 Nc6 6. Be3 Qb6 7. Nb3 Qd8 8. Nd4 Qb6 9. Nb3 Qc7 10. Nc3 Bxc3+ 11. bxc3 Nf6 12. f3 0-0 13. Be2 b6 14. 0-0 d6 15. Nd4 Na5 16. Nb5 Qc6 17. Nd4 Qb7 18. Bg5 Be6 19. Bxf6 exf6 20. Nxe6 fxe6 21. Qxd6 Qc8 22. Rfd1 Nxc4 23. Bxc4 Qxc4 24. Qd4 Rac8 25. Qxc4 Rxc4 26. Rd3 Rfc8 27. Rad1 R8c7 28. Rd8+ Kg7 29. R1d7+ Kh6 30. Rxc7 Rxc7 31. Rd3 Kg5 32. Kf2 f5 33. Ke3 e5 34. g3 Kf6 35. h4 Ke6 36. Ke2 Rc4 37. Ke3 Ra4 38. Rd2 Ra3 39. Kd3 fxe4+ 40. fxe4 Kd6 41. Kc4+ Kc6 42. Kb4 Ra5 43. c4 Kc7 44. a4 Rc5 45. Rd5 Rxd5 46. cxd5 a6 47. Kc4 1/2-1/2

[Event "Lazy Baltic Pearl op-A 21st"]
[Site "Lazy"]
[Date "2025.07.03"]
[Round "4"]
[White "Spicak, Krzysztof"]
[Black "Obrycki, Aleksander"]
[Result "1-0"]
[WhiteElo "1851"]
[BlackElo "1769"]
[PlyCount "68"]
[EventDate "2025.06.30"]
[EventType "swiss"]
[EventRounds "9"]
[EventCountry "POL"]
[SourceTitle "CB28_2025"]
[SourceDate "2025.07.09"]
[SourceVersion "1"]
[SourceVersionDate "2025.07.09"]
[SourceQuality "1"]

1. e4 e5 2. d4 exd4 3. Qxd4 Nc6 4. Qa4 Nf6 5. Nc3 Bc5 6. Nf3 d6 7. Bg5 Bb4 8. 0-0-0 Bxc3 9. bxc3 Qe7 10. e5 dxe5 11. Bb5 0-0 12. Bxc6 bxc6 13. Rhe1 Qc5 14. Qb4 Qxb4 15. cxb4 Nd5 16. Nxe5 f6 17. Nxc6 Nc3 18. Rd3 Nxa2+ 19. Kb2 Nxb4 20. Nxb4 fxg5 21. Re7 Bf5 22. Rc3 Rab8 23. Ka3 a5 24. Nc6 Rb7 25. f3 g4 26. f4 g6 27. g3 Rf7 28. Rxf7 Kxf7 29. Nd8+ Ke7 30. Nxb7 Ke6 31. Rxc7 Kd5 32. Rxh7 g5 33. Rh5 Bxc2 34. Rxg5+ Kd4 1-0